Finansy ježemesjačnyj teoretičeskij i naučno-praktičeskij žurnal
Enregistré dans:
| Format: | Publication en série |
|---|---|
| Langue: | russe |
| Publié: |
Moskva
Finansy i statistika
|
| Tags: |
Pas de tags, Soyez le premier à ajouter un tag!
|
MARC
| LEADER | 00000nas1a22000001 4500 | ||
|---|---|---|---|
| 001 | s120704 | ||
| 005 | 20221221102416.4 | ||
| 041 | 0 | |a rus | |
| 044 | |a RU | ||
| 245 | 1 | 0 | |a Finansy |b ježemesjačnyj teoretičeskij i naučno-praktičeskij žurnal |
| 264 | 1 | |a Moskva |b Finansy i statistika | |
| 500 | |a Do roku 1991 vychádzal pod názvom Finansy SSSR | ||